logo

Bir Sreshtho Munshi Abdur Rouf Library
Jhenaidah Cadet College

The Shakespeare Book / (Record no. 11758)

MARC details
000 -LEADER
fixed length control field 00778nam a2200253 a 4500
001 - CONTROL NUMBER
JCCL Control Number 11758
003 - CONTROL NUMBER IDENTIFIER
JCCL marc code BD-JhCC
005 - DATE AND TIME OF LATEST TRANSACTION
control field 20201103131534.0
008 - FIXED-LENGTH DATA ELEMENTS--GENERAL INFORMATION
fixed length control field 200901b2015 enka|||| ||a| 001 0 eng d
020 ## - INTERNATIONAL STANDARD BOOK NUMBER
International Standard Book Number 9780241182611
035 ## - SYSTEM CONTROL NUMBER
system control number (BD-JhCC)11758
040 ## - CATALOGING SOURCE
Original cataloging agency BD-JhCC
Modifying agency BD-JhCC
041 ## - LANGUAGE CODE
Language code of Book eng
082 ## - DEWEY DECIMAL CLASSIFICATION NUMBER
Classification number 822.33
Author mark and Year SHA 2015
245 ## - TITLE STATEMENT
Title The Shakespeare Book /
Statement of responsibility, etc Sr Editor-Georgina Palffy
260 ## - PUBLICATION, DISTRIBUTION, ETC. (IMPRINT)
Place of publication, distribution, etc England:
Name of publisher, distributor, etc DK Publishers;
Date of publication, distribution, etc 2015.
300 ## - PHYSICAL DESCRIPTION
Pagination 352 p.:
Other physical details ill
Dimensions 24 cm.
650 ## - SUBJECT ADDED ENTRY--TOPICAL TERM
Topical term or geographic name as entry element
651 ## - SUBJECT ADDED ENTRY--GEOGRAPHIC NAME
Geographic name Early modern and Elizabethan
Relator term Bookbinding
Form subdivision English drama
General subdivision Clarke, Charles Cowden
Chronological subdivision Barker, Ernest, Sir
Geographic subdivision English drama-- Language and languages
700 ## - ADDED ENTRY--PERSONAL NAME
Personal name Sr Editor-Georgina Palffy
700 ## - ADDED ENTRY--PERSONAL NAME
Personal name Editor- Satu Fox
942 ## - ADDED ENTRY ELEMENTS (KOHA)
Source of classification or shelving scheme Dewey Decimal Classification
Koha item type Books
Holdings
Source of classification or shelving scheme Damaged status Not for loan Home library Current library Shelving location Date of accession Cost, normal purchase price Total Checkouts Full call number Barcode Date last seen Copy number Koha item type
Dewey Decimal Classification   Not For Loan JCC Rouf Library JCC Rouf Library General Stacks 09/01/2020 1798.00   822.33 SHA 2015 16044 08/07/2022 C-1 Books

JCC Library | Contacts | JCC Home

Last Update on 23 September 2017
Copyright @ 2017-2020 JCC Rouf Library
Rouf Library, Jhenidah Cadet College (JCC), Bangladesh